Southville International School and Colleges
Your cart is empty.
  • Cart
  • Lists
    Public lists Eva Luna New books Lux_list list_1
    Your lists Log in to create your own lists
  • Log in to your account
  • Your cookies
  • Search history
Southville International School and Colleges
  • Advanced search
  • Recent comments
  • Most popular
  • Libraries

Log in to your account

Log in with GOOGLE


If you do not have an external account, but do have a local account, you can still log in:

  1. Home
  2. MARC view: Lewis and Clark and me :
Normal view MARC view ISBD view

Lewis and Clark and me : (Record no. 33529)

[ view plain ]
MARC details
000 -LEADER
fixed length control field 02091cam a2200505 a 4500
001 - CONTROL NUMBER
control field 12171880
003 - CONTROL NUMBER IDENTIFIER
control field OSt
005 - DATE AND TIME OF LATEST TRANSACTION
control field 20140310184311.0
008 - FIXED-LENGTH DATA ELEMENTS--GENERAL INFORMATION
fixed length control field 000913s2002 nyua c b 000 1 eng
010 ## - LIBRARY OF CONGRESS CONTROL NUMBER
LC control number 00047298
020 ## - INTERNATIONAL STANDARD BOOK NUMBER
International Standard Book Number 0439474841
040 ## - CATALOGING SOURCE
Original cataloging agency DLC
Transcribing agency DLC
Modifying agency DLC
042 ## - AUTHENTICATION CODE
Authentication code lcac
050 00 - LIBRARY OF CONGRESS CALL NUMBER
Classification number PZ 7
Item number .M9873Le 2002
082 00 - DEWEY DECIMAL CLASSIFICATION NUMBER
Classification number [Fic]
100 1# - MAIN ENTRY--PERSONAL NAME
Personal name Myers, Laurie.
9 (RLIN) 23285
245 10 - TITLE STATEMENT
Title Lewis and Clark and me :
Remainder of title a dog's tale /
Statement of responsibility, etc Laurie Myers ; illustrations by Michael Dooling.
250 ## - EDITION STATEMENT
Edition statement 1st ed.
260 ## - PUBLICATION, DISTRIBUTION, ETC. (IMPRINT)
Place of publication, distribution, etc New York :
Name of publisher, distributor, etc Henry Holt & Co.,
Date of publication, distribution, etc 2002.
300 ## - PHYSICAL DESCRIPTION
Extent 64 p. :
Other physical details col. ill. ;
Dimensions 24 cm.
504 ## - BIBLIOGRAPHY, ETC. NOTE
Bibliography, etc Includes bibliographical references.
520 ## - SUMMARY, ETC.
Summary, etc Seaman, Meriwether Lewis's Newfoundland dog, describes Lewis and Clark's expedition, which he accompanied from St. Louis to the Pacific Ocean.
521 ## - TARGET AUDIENCE NOTE
Target audience note
526 ## - STUDY PROGRAM INFORMATION NOTE
Reading level 470
541 ## - IMMEDIATE SOURCE OF ACQUISITION NOTE
-- 1
541 ## - IMMEDIATE SOURCE OF ACQUISITION NOTE
-- 1
541 ## - IMMEDIATE SOURCE OF ACQUISITION NOTE
-- 1
562 ## - COPY AND VERSION IDENTIFICATION NOTE
Number of copies 1
600 10 - SUBJECT ADDED ENTRY--PERSONAL NAME
Personal name Lewis, Meriwether,
Dates associated with a name 1774-1809
Form subdivision Juvenile fiction.
9 (RLIN) 23286
600 10 - SUBJECT ADDED ENTRY--PERSONAL NAME
Personal name Clark, William,
Dates associated with a name 1770-1838
Form subdivision Juvenile fiction.
9 (RLIN) 23287
600 11 - SUBJECT ADDED ENTRY--PERSONAL NAME
Personal name Lewis, Meriwether,
Dates associated with a name 1774-1809
Form subdivision Fiction.
9 (RLIN) 23288
600 11 - SUBJECT ADDED ENTRY--PERSONAL NAME
Personal name Clark, William,
Dates associated with a name 1770-1838
Form subdivision Fiction.
9 (RLIN) 23289
611 20 - SUBJECT ADDED ENTRY--MEETING NAME
Meeting name or jurisdiction name as entry element Lewis and Clark Expedition (1804-1806)
Form subdivision Juvenile fiction.
9 (RLIN) 23290
611 21 - SUBJECT ADDED ENTRY--MEETING NAME
Meeting name or jurisdiction name as entry element Lewis and Clark Expedition (1804-1806)
Form subdivision Fiction.
9 (RLIN) 23291
650 #0 - SUBJECT ADDED ENTRY--TOPICAL TERM
Topical term or geographic name as entry element Seaman (Dog)
Form subdivision Juvenile fiction.
9 (RLIN) 23292
650 #1 - SUBJECT ADDED ENTRY--TOPICAL TERM
Topical term or geographic name as entry element Seaman (Dog)
Form subdivision Fiction.
9 (RLIN) 23293
650 #1 - SUBJECT ADDED ENTRY--TOPICAL TERM
Topical term or geographic name as entry element Dogs
Form subdivision Fiction.
9 (RLIN) 23294
650 #1 - SUBJECT ADDED ENTRY--TOPICAL TERM
Topical term or geographic name as entry element Newfoundland dog
Form subdivision Fiction.
9 (RLIN) 23295
700 1# - ADDED ENTRY--PERSONAL NAME
Personal name Dooling, Michael,
Relator term ill.
9 (RLIN) 23296
856 42 - ELECTRONIC LOCATION AND ACCESS
Materials specified Publisher description
Uniform Resource Identifier <a href="http://www.loc.gov/catdir/description/hol031/00047298.html">http://www.loc.gov/catdir/description/hol031/00047298.html</a>
856 42 - ELECTRONIC LOCATION AND ACCESS
Materials specified Contributor biographical information
Uniform Resource Identifier <a href="http://www.loc.gov/catdir/enhancements/fy0610/00047298-b.html">http://www.loc.gov/catdir/enhancements/fy0610/00047298-b.html</a>
906 ## - LOCAL DATA ELEMENT F, LDF (RLIN)
a 7
b cbc
c orignew
d 1
e ocip
f 20
g y-gencatlg
942 ## - ADDED ENTRY ELEMENTS (KOHA)
Source of classification or shelving scheme Library of Congress Classification
Koha item type
Holdings
Withdrawn status Lost status Source of classification or shelving scheme Damaged status Home library Current library Shelving location Date acquired Total Checkouts Full call number Barcode Date last seen Copy number Price effective from Koha item type
    Library of Congress Classification   Luxembourg Library Luxembourg Library Scholastic Reading Center Section 10/03/2013   PZ 7 .M9873Le 2002 LEX0531 04/18/2017 1 10/03/2013 Books
    Library of Congress Classification   Luxembourg Library Luxembourg Library Scholastic Reading Center Section 10/03/2013   PZ 7 .M9873Le 2002 LEX3041 04/18/2017 2 10/03/2013 Books
    Library of Congress Classification   Luxembourg Library Luxembourg Library Scholastic Reading Center Section 10/03/2013   PZ 7 .M9873Le 2002 LEX0771 04/18/2017 3 10/03/2013 Books

Lewis and Clark and me :

APA

Myers L., Dooling M., . (2002). Lewis and Clark and me. New York: Henry Holt & Co.

Chicago

Myers Laurie, Dooling Michael, . 2002. Lewis and Clark and me. New York: Henry Holt & Co.

Harvard

Myers L., Dooling M., . (2002). Lewis and Clark and me. New York: Henry Holt & Co.

MLA

Myers Laurie, Dooling Michael, . Lewis and Clark and me. New York: Henry Holt & Co. 2002.

  • Place hold
  • Print
  • Cite
  • Add to your cart (remove)
  • Save record
    BIBTEX Dublin Core MARCXML MARC (non-Unicode/MARC-8) MARC (Unicode/UTF-8) MARC (Unicode/UTF-8, Standard) MODS (XML) RIS
  • More searches
    Search for this title in:
    Other Libraries (WorldCat) Other Databases (Google Scholar) Online Stores (Bookfinder.com) Open Library (openlibrary.org)

Exporting to Dublin Core...

SOUTHVILLE LIBRARY

Southville International School and Colleges Library

1281 Tropical Ave. Cor. Luxembourg St., BF Homes International, Las Pinas City

Tel. No. 8256374 / 252358 Loc. 117/146

Powered by Koha